Statistics for Mario Kart: Double Dash!! Tracks

Click here to take the quiz!

General Stats

  • This quiz has been taken 68 times
    (65 since last reset)
  • The average score is 14 of 16

Answer Stats

CupTracks% Correct
Special CupRainbow Road
100%
Special CupBowser’s Castle
98%
Flower CupMario Circuit
94%
Mushroom CupPeach Beach
94%
Mushroom CupLuigi Circuit
92%
Flower CupMushroom Bridge
92%
Star CupMushroom City
92%
Mushroom CupBaby Park
90%
Flower CupWaluigi Stadium
90%
Special CupDino Dino Jungle
88%
Star CupDK Mountain
88%
Mushroom CupDry Dry Desert
86%
Flower CupDaisy Cruiser
84%
Star CupYoshi Circuit
84%
Special CupWario Colosseum
82%
Star CupSherbet Land
76%

Score Distribution

Percentile by Number Answered

Percent of People with Each Score

Your Score History

You have not taken this quiz since the last reset